Struggle for synthesis : (Record no. 8464)
[ view plain ]
| 000 -LEADER | |
|---|---|
| fixed length control field | 01028nam a2200337 4500 |
| 001 - CONTROL NUMBER | |
| JCCL Control Number | 8464 |
| 003 - CONTROL NUMBER IDENTIFIER | |
| JCCL marc code | BD - JhCC |
| 005 - DATE AND TIME OF LATEST TRANSACTION | |
| control field | 20180923104026.0 |
| 008 - FIXED-LENGTH DATA ELEMENTS--GENERAL INFORMATION | |
| fixed length control field | 721215s1972 mau b 001 0 eng |
| 020 ## - INTERNATIONAL STANDARD BOOK NUMBER | |
| International Standard Book Number | 0674845455 |
| 035 ## - SYSTEM CONTROL NUMBER | |
| system control number | (BD - JhCC)8464 |
| 035 ## - SYSTEM CONTROL NUMBER | |
| system control number | (OCoLC)00533704 |
| 035 ## - SYSTEM CONTROL NUMBER | |
| system control number | GLIS00436231 |
| 040 ## - CATALOGING SOURCE | |
| Original cataloging agency | DLC |
| Transcribing agency | DLC |
| Modifying agency | m.c. |
| -- | BD - JhCC |
| 041 ## - LANGUAGE CODE | |
| Language code of Book | eng |
| 050 0# - LIBRARY OF CONGRESS CALL NUMBER | |
| Classification number | B2598 |
| Item number | .L6 |
| 082 ## - DEWEY DECIMAL CLASSIFICATION NUMBER | |
| Author mark and Year | LOE 1972 |
| 090 ## - LOCALLY ASSIGNED LC-TYPE CALL NUMBER (OCLC); LOCAL CALL NUMBER (OCLC) | |
| Classification number (OCLC) (R) ; Classification number, CALL (RLIN) (NR) | B2598 |
| Local cutter number (OCLC) ; Book number/undivided call number, CALL (RLIN) | .L825 |
| 099 ## - LOCAL FREE-TEXT CALL NUMBER | |
| Classification number | B2598.L825 |
| 100 1# - MAIN ENTRY--PERSONAL NAME | |
| Personal name | Loemker, Leroy E. |
| 245 10 - TITLE STATEMENT | |
| Title | Struggle for synthesis : |
| Remainder of title | the seventeenth century background of Leibniz's synthesis of order and freedom / |
| Statement of responsibility, etc | Leroy E. Loemker. |
| 260 ## - PUBLICATION, DISTRIBUTION, ETC. (IMPRINT) | |
| Place of publication, distribution, etc | Cambridge, Mass., |
| Name of publisher, distributor, etc | Harvard University Press, |
| Date of publication, distribution, etc | 1972. |
| 300 ## - PHYSICAL DESCRIPTION | |
| Pagination | xi, 318 p. |
| Dimensions | 24 cm. |
| 504 ## - BIBLIOGRAPHY, ETC. NOTE | |
| Bibliography, etc | Bibliography: p. 281-298. |
| 600 10 - SUBJECT ADDED ENTRY--PERSONAL NAME | |
| Personal name | Leibniz, Gottfried Wilhelm, |
| Titles and other words associated with a name | Freiherr von, |
| Dates associated with a name | 1646-1716. |
| 650 #0 - SUBJECT ADDED ENTRY--TOPICAL TERM | |
| Topical term or geographic name as entry element | Order (Philosophy) |
| 650 #0 - SUBJECT ADDED ENTRY--TOPICAL TERM | |
| Topical term or geographic name as entry element | Liberty. |
| 942 ## - ADDED ENTRY ELEMENTS (KOHA) | |
| Source of classification or shelving scheme | Dewey Decimal Classification |
| Koha item type | Books |
| 949 ## - LOCAL PROCESSING INFORMATION (OCLC) | |
| a | MYGH |
| b | 39080005308231 |
| Source of classification or shelving scheme | Damaged status | Not for loan | Home library | Current library | Shelving location | Total Checkouts | Full call number | Barcode | Date last seen | Copy number | Koha item type |
|---|---|---|---|---|---|---|---|---|---|---|---|
| Dewey Decimal Classification | JCC Rouf Library | JCC Rouf Library | General Stacks | 190.9032 LOE 1972 | 11036 | 02/24/2018 | C - 1 | Books |